000 00975cam a2200253 4500
001 WB@3612-834
008 040819n2004 000 0 eng u
035 _a(Sirsi) u127110
245 _aScottish council tax discouts slashed
260 _c2004
490 _aInside Housing
_v21(32), 13 August 2004 (1)
520 _aThe Scottish Executive has given local authorities the discretion to set their own council tax discount on second homes and empty properties. Currently the discount is set at 50%. The extra revenue raised by the change will be for new affordable housing. The consultation can be found at: http://www.scotland.gov.uk/library5/finance/Analys is_of_Second_Homes_consultation_FINAL.pdf.
590 _aWB
590 _aWB
650 _aSCOTLAND
650 _aCOUNCIL TAX
650 _aSECOND HOMES
650 _aEMPTY HOMES
650 _aLOCAL AUTHORITIES
650 _aDISCOUNTS
650 _aHOUSING
690 _aTAXATION
942 _n0
999 _c117869
_d117869